[Event "New York Marshall op"]
[Site "New York"]
[Date "2024.01.06"]
[Round "3"]
[White "Brain, Logan J"]
[Black "Byambaa, Uyanga"]
[Result "1-0"]
[WhiteElo "2111"]
[BlackElo "2046"]
[PlyCount "73"]
[EventDate "2024.01.05"]
[EventType "swiss"]
[EventRounds "5"]
[EventCountry "USA"]
[SourceTitle "CB02_2024"]
[SourceDate "2024.01.10"]
[SourceVersion "1"]
[SourceVersionDate "2024.01.10"]
[SourceQuality "1"]

1. d4 Nf6 2. c4 g6 3. Nc3 Bg7 4. e4 d6 5. Nf3 0-0 6. Be2 e5 7. Be3 Ng4 8. Bg5 f6 9. Bc1 Nc6 10. d5 Ne7 11. h3 Nh6 12. g4 Nf7 13. Rg1 c6 14. Be3 cxd5 15. cxd5 Bd7 16. Qb3 Qb8 17. Bb5 Bc8 18. 0-0-0 a6 19. Bd3 b5 20. Kb1 Bh6 21. Bxh6 Nxh6 22. Rc1 Bd7 23. g5 fxg5 24. Nxe5 Bxh3 25. Rh1 g4 26. Nd7 Qa7 27. Nxf8 Rxf8 28. e5 Qd4 29. Rcd1 Qxe5 30. Rhe1 Qg7 31. Ne4 Bg2 32. Nxd6 Rxf2 33. Ne4 Bxe4 34. Bxe4 Nf7 35. d6 Nf5 36. Bxf5 gxf5 37. Re8+ 1-0

[Event "New York 1000 GM Fall IM-C"]
[Site "New York"]
[Date "2023.11.08"]
[Round "1"]
[White "Campos Jimenez, Augusto Cesar"]
[Black "Brain, Logan J"]
[Result "1/2-1/2"]
[WhiteElo "2263"]
[BlackElo "2105"]
[PlyCount "41"]
[EventDate "2023.11.08"]
[EventType "tourn"]
[EventRounds "9"]
[EventCountry "USA"]
[SourceTitle "CB46_2023"]
[SourceDate "2023.11.15"]
[SourceVersion "1"]
[SourceVersionDate "2023.11.15"]
[SourceQuality "1"]

1. e4 c5 2. Nf3 d6 3. d4 cxd4 4. Nxd4 Nf6 5. Nc3 Nc6 6. h3 g6 7. Be3 Bg7 8. Bc4 0-0 9. Bb3 Qa5 10. 0-0 Bd7 11. Re1 Rfc8 12. Nf3 Qd8 13. Ng5 Ne5 14. Bd4 Nc4 15. Bxc4 Rxc4 16. Bxf6 exf6 17. Qd5 Rxc3 18. Nxf7 Rc5 19. Nh6+ Kh8 20. Nf7+ Kg8 21. Nh6+ 1/2-1/2